| 000 | 01026nam a22002417a 4500 | ||
|---|---|---|---|
| 005 | 20170124102931.0 | ||
| 010 | _aA-721994 | ||
| 020 |
_c125.00 _a8170553628 |
||
| 035 | _aA-721994 | ||
| 037 | _bCen Lib/Ret | ||
| 040 |
_aDPL _bHN |
||
| 082 |
_a820.8 _bबच्चन |
||
| 100 |
_aबच्चन सिंह _92125 |
||
| 245 |
_aआधुनिक हिंदी आलोचना के बीज शब्द / _cबच्चन सिंह |
||
| 246 |
_aAdhunik hindi alochna ke beej ke shabd / _bby Bachchan Singh |
||
| 260 |
_a नई दिल्ली _bवाणी प्रकाशन _c1994 |
||
| 270 |
_a21-ए, दरयागंज _b नई दिल्ली _e110002 |
||
| 300 |
_a142पृ. _c19सेमी(सजिल्द ) |
||
| 650 |
_aहिंदी साहित्य _x _z _945126 |
||
| 650 |
_v _aआधुनिक हिंदी आलोचना _945127 |
||
| 650 |
_aModern Hindi criticism _945128 |
||
| 942 |
_2ddc _cHN _h820.8 _mबच्चन |
||
| 999 |
_c111931 _d111931 |
||